[Event "Hasselbacken op"]
[Site "Stockholm"]
[Date "2016.05.05"]
[Round "6"]
[White "Tkachiev, Vladislav"]
[Black "Kjartansson, Gudmundur"]
[Result "1-0"]
[WhiteElo "2660"]
[BlackElo "2457"]
[PlyCount "164"]
[EventDate "2016.04.30"]
[EventType "swiss"]
[EventRounds "9"]
[EventCountry "SWE"]
[SourceTitle "CBM 172 Extra"]
[Source "ChessBase"]
[SourceDate "2016.06.21"]
[SourceVersion "1"]
[SourceVersionDate "2016.06.21"]
[SourceQuality "1"]

1. d4 d5 2. c4 e6 3. Nc3 c6 4. cxd5 exd5 5. Qc2 Bd6 6. Nf3 Ne7 7. e4 dxe4 8. Nxe4 Bb4+ 9. Bd2 Bxd2+ 10. Qxd2 Bf5 11. Nc3 Nd7 12. Bc4 Nf6 13. 0-0 Qd6 14. Rfe1 0-0 15. Bb3 Rad8 16. h3 Ng6 17. Rad1 Qf4 18. Re3 Bc8 19. Qe1 Nh4 20. Ne5 Nf5 21. Red3 Nd6 22. Ne2 Qh6 23. Qa5 Bf5 24. Nxf7 Nxf7 25. Qxf5 Nd5 26. Nc3 Ng5 27. Qe5 Kh8 28. Bxd5 cxd5 29. Rg3 Nf7 30. Qc7 Nd6 31. Rf3 Qe6 32. Rdd3 Nc4 33. Kh2 Nxb2 34. Rde3 Qc6 35. Rf7 Qxc7+ 36. Rxc7 Rxf2 37. Rxb7 Nc4 38. Ree7 Rg8 39. Rxa7 Rf5 40. Rad7 h5 41. Rxd5 Rxd5 42. Nxd5 Rd8 43. Nf4 Rxd4 44. Nxh5 Rd2 45. Nxg7 Rxa2 46. Nf5 Nd2 47. h4 Ra4 48. Rd7 Ra2 49. Re7 Ra4 50. Re2 Ne4 51. Kh3 Kh7 52. g3 Kg6 53. Nd6 Nc3 54. Re6+ Kh7 55. Re3 Nd5 56. Re4 Ra6 57. Nc4 Ra4 58. Nd2 Ra2 59. Nf3 Ra3 60. Ne5 Rb3 61. Rd4 Nf6 62. Rd3 Rb4 63. Rf3 Kg7 64. Rf5 Rb3 65. Rf3 Rb4 66. Rc3 Ra4 67. Rc7+ Kg8 68. Rc4 Ra3 69. Rd4 Kh7 70. Kg2 Ra5 71. Ng4 Nh5 72. Rd3 Kg7 73. Ne3 Kf7 74. Kf3 Ra4 75. Rc3 Kg6 76. Rc6+ Kf7 77. Rc4 Ra3 78. g4 Ng7 79. Rf4+ Kg6 80. Rc4 Ra6 81. Nd5 Ra3+ 82. Rc3 Ra7 1-0

[Event "EU-chT (Men) 20th"]
[Site "Reykjavik"]
[Date "2015.11.16"]
[Round "4.4"]
[White "Sedlak, Nikola"]
[Black "Tkachiev, Vladislav"]
[Result "1/2-1/2"]
[WhiteElo "2557"]
[BlackElo "2658"]
[PlyCount "49"]
[EventDate "2015.11.13"]
[EventType "team-swiss"]
[EventRounds "9"]
[EventCountry "ISL"]
[SourceTitle "CBM 170"]
[Source "ChessBase"]
[SourceDate "2016.01.15"]
[SourceVersion "1"]
[SourceVersionDate "2016.01.15"]
[SourceQuality "1"]
[WhiteTeam "Serbia"]
[BlackTeam "France"]
[WhiteTeamCountry "SRB"]
[BlackTeamCountry "FRA"]

1. d4 Nf6 2. Nf3 e6 3. Bf4 c5 4. e3 cxd4 5. exd4 Be7 6. Nbd2 b6 7. h3 0-0 8. c3 d6 9. Bd3 Ba6 10. Qe2 Bxd3 11. Qxd3 Nbd7 12. 0-0 Qc7 13. Rfe1 Rfe8 14. Bh2 Qc6 15. a4 a6 16. c4 d5 17. b3 Bb4 18. Rec1 Qb7 19. Nf1 Rec8 20. Ne3 h6 21. Rc2 Be7 22. Rac1 Ba3 23. Ra1 Be7 24. Rac1 Ba3 25. Ra1 1/2-1/2

[Event "Bayern-chI Bank Hofmann 19th"]
[Site "Bad Wiessee"]
[Date "2015.11.08"]
[Round "9"]
[White "Kunin, Vitaly L"]
[Black "Tkachiev, Vladislav"]
[Result "1/2-1/2"]
[WhiteElo "2556"]
[BlackElo "2658"]
[PlyCount "72"]
[EventDate "2015.10.31"]
[EventType "swiss"]
[EventRounds "9"]
[EventCountry "GER"]
[SourceTitle "CBM 169 Extra"]
[Source "ChessBase"]
[SourceDate "2015.12.18"]
[SourceVersion "1"]
[SourceVersionDate "2015.12.18"]
[SourceQuality "1"]

1. d4 d6 2. c4 e5 3. Nc3 exd4 4. Qxd4 Nf6 5. Nf3 Nc6 6. Qd2 a5 7. b3 a4 8. bxa4 Ne5 9. e3 Nxf3+ 10. gxf3 g6 11. Bb2 Bg7 12. Bg2 0-0 13. 0-0 Nd7 14. Rac1 Ne5 15. Qe2 Be6 16. Nd5 c6 17. f4 cxd5 18. fxe5 dxc4 19. exd6 Bxb2 20. Qxb2 Qxd6 21. Rfd1 Qc5 22. Qb5 Qa3 23. Bd5 Bxd5 24. Qxd5 Rxa4 25. Rxc4 Qxa2 26. Rxa4 Qxa4 27. Rb1 Qg4+ 28. Kh1 Qh4 29. Kg2 Qg4+ 30. Kh1 Qh4 31. Kg2 Rc8 32. Qxb7 Rc5 33. Qb8+ Kg7 34. Qf4 Qh5 35. Qd4+ Kh6 36. Qf4+ Qg5+ 1/2-1/2

[Event "Bayern-chI Bank Hofmann 19th"]
[Site "Bad Wiessee"]
[Date "2015.11.03"]
[Round "4"]
[White "Meins, Gerlef"]
[Black "Tkachiev, Vladislav"]
[Result "1/2-1/2"]
[WhiteElo "2426"]
[BlackElo "2658"]
[PlyCount "46"]
[EventDate "2015.10.31"]
[EventType "swiss"]
[EventRounds "9"]
[EventCountry "GER"]
[SourceTitle "CBM 169 Extra"]
[Source "ChessBase"]
[SourceDate "2015.12.18"]
[SourceVersion "1"]
[SourceVersionDate "2015.12.18"]
[SourceQuality "1"]

1. Nf3 Nf6 2. c4 e6 3. g3 d5 4. Bg2 dxc4 5. Qa4+ Nbd7 6. Qxc4 a6 7. Qc2 c5 8. 0-0 b5 9. b3 Bb7 10. Bb2 Be7 11. a4 0-0 12. axb5 axb5 13. Rxa8 Qxa8 14. Nc3 Bc6 15. Ra1 Qb7 16. d3 Rc8 17. Qb1 Rb8 18. Ra2 Bd8 19. Qa1 Qc8 20. Nd2 Bxg2 21. Kxg2 Qc6+ 22. Kg1 Bb6 23. Qf1 Bc7 1/2-1/2

[Event "Andorra op 33rd"]
[Site "La Massana"]
[Date "2015.07.24"]
[Round "7"]
[White "Granda Zuniga, Julio E"]
[Black "Tkachiev, Vladislav"]
[Result "1-0"]
[WhiteElo "2652"]
[BlackElo "2661"]
[PlyCount "79"]
[EventDate "2015.07.18"]
[EventType "swiss"]
[EventRounds "9"]
[EventCountry "AND"]
[SourceTitle "CBM 167 Extra"]
[Source "ChessBase"]
[SourceDate "2015.09.14"]
[SourceVersion "1"]
[SourceVersionDate "2015.09.14"]
[SourceQuality "1"]

1. d4 Nf6 2. c4 e6 3. Nf3 d5 4. e3 Be7 5. a3 0-0 6. b4 a5 7. b5 c5 8. Bb2 Nbd7 9. cxd5 Nxd5 10. Be2 cxd4 11. Bxd4 Bf6 12. 0-0 Qe7 13. Bxf6 N7xf6 14. Qd4 Rd8 15. Rc1 Bd7 16. Nbd2 Be8 17. a4 Nd7 18. e4 Nb4 19. e5 Nf8 20. Qb2 Ng6 21. g3 Nd3 22. Bxd3 Rxd3 23. Rc3 Qd8 24. Nc4 Rc8 25. Rxd3 Qxd3 26. Nd6 Rc3 27. Ne1 Qd4 28. Nf3 Qd3 29. Ne1 Qd4 30. Rb1 Bd7 31. Nxb7 h5 32. Nxa5 h4 33. b6 hxg3 34. b7 Nf4 35. b8Q+ Kh7 36. hxg3 Rxg3+ 37. Kf1 Rh3 38. Q8b7 Qa7 39. Qe4+ Ng6 40. Qb6 1-0

[Event "Andorra op 33rd"]
[Site "La Massana"]
[Date "2015.07.22"]
[Round "5"]
[White "Pulvett Marin, Daniel Eduardo"]
[Black "Tkachiev, Vladislav"]
[Result "0-1"]
[WhiteElo "2446"]
[BlackElo "2661"]
[PlyCount "58"]
[EventDate "2015.07.18"]
[EventType "swiss"]
[EventRounds "9"]
[EventCountry "AND"]
[SourceTitle "CBM 167 Extra"]
[Source "ChessBase"]
[SourceDate "2015.09.14"]
[SourceVersion "1"]
[SourceVersionDate "2015.09.14"]
[SourceQuality "1"]

1. d4 Nf6 2. c4 e6 3. Nf3 d5 4. Bg5 h6 5. Bxf6 Qxf6 6. Nbd2 Be7 7. g3 c5 8. e4 Nc6 9. e5 Qg6 10. Bg2 Qd3 11. Bf1 Qf5 12. cxd5 exd5 13. Bg2 cxd4 14. 0-0 0-0 15. Re1 d3 16. Nb3 Qg6 17. Re3 Bf5 18. Bf1 Nb4 19. Nfd4 Be4 20. f3 Bg5 21. Re1 d2 22. Nxd2 Bc2 23. Nxc2 Nxc2 24. Nb3 Be3+ 25. Rxe3 Nxe3 26. Qd3 Qxd3 27. Bxd3 Nc4 28. Bxc4 dxc4 29. Na5 Rfc8 0-1

[Event "Skopje Karposh op"]
[Site "Skopje"]
[Date "2015.03.29"]
[Round "4"]
[White "Kazhgaleyev, Murtas"]
[Black "Tkachiev, Vladislav"]
[Result "1/2-1/2"]
[WhiteElo "2561"]
[BlackElo "2634"]
[PlyCount "32"]
[EventDate "2015.03.27"]
[EventType "swiss"]
[EventRounds "9"]
[EventCountry "MKD"]
[SourceTitle "CBM 165 Extra"]
[Source "ChessBase"]
[SourceDate "2015.04.21"]
[SourceVersion "1"]
[SourceVersionDate "2015.04.21"]
[SourceQuality "1"]

1. d4 d5 2. Nf3 Nf6 3. c4 e6 4. Nc3 Be7 5. Bg5 h6 6. Bh4 0-0 7. e3 Ne4 8. Bxe7 Qxe7 9. Rc1 c6 10. Bd3 Nxc3 11. Rxc3 Nd7 12. 0-0 dxc4 13. Rxc4 e5 14. dxe5 Nxe5 15. Re4 Nxf3+ 16. Qxf3 Be6 1/2-1/2

[Event "Skopje Karposh op"]
[Site "Skopje"]
[Date "2015.03.28"]
[Round "3"]
[White "Tkachiev, Vladislav"]
[Black "Stanojoski, Zvonko"]
[Result "1-0"]
[WhiteElo "2634"]
[BlackElo "2418"]
[PlyCount "121"]
[EventDate "2015.03.27"]
[EventType "swiss"]
[EventRounds "9"]
[EventCountry "MKD"]
[SourceTitle "CBM 165 Extra"]
[Source "ChessBase"]
[SourceDate "2015.04.21"]
[SourceVersion "1"]
[SourceVersionDate "2015.04.21"]
[SourceQuality "1"]

1. d4 d5 2. c4 e6 3. Nf3 c6 4. Qc2 Nf6 5. Bg5 h6 6. Bh4 Be7 7. e3 Nbd7 8. Nc3 a6 9. a3 0-0 10. Rd1 b5 11. c5 Nh5 12. Bxe7 Qxe7 13. Be2 Nhf6 14. e4 dxe4 15. Nxe4 e5 16. 0-0 exd4 17. Nxf6+ Nxf6 18. Nxd4 Bb7 19. Bf3 Qc7 20. Nf5 Rae8 21. Rd6 Re6 22. Rxe6 fxe6 23. Nd6 Bc8 24. h3 Bd7 25. Re1 Nd5 26. Bg4 Rf6 27. g3 a5 28. Re4 Qa7 29. Kg2 a4 30. Re5 Qb8 31. Qe2 Nc7 32. h4 Qf8 33. Ne4 Rf7 34. Nd6 Re7 35. f4 Qf6 36. Qd3 Nd5 37. Bd1 g6 38. Bf3 Rg7 39. Qd4 Qf8 40. Bg4 Re7 41. Bf3 Rg7 42. Qd3 Qf6 43. Qd2 Qd8 44. Kh2 Qf8 45. h5 Qf6 46. Ne4 Qf8 47. hxg6 Rxg6 48. Bg2 Qg7 49. Bh3 Nf6 50. Nxf6+ Rxf6 51. Re3 Kf8 52. Rd3 Be8 53. Rd6 Qe7 54. Qd4 Kf7 55. Bg4 Kf8 56. Qe5 Kf7 57. Bh5+ Kg7 58. Qd4 Qf8 59. Bxe8 Qxe8 60. Rd7+ Kg6 61. Qd3+ 1-0

[Event "Agzamov Memorial 09th"]
[Site "Tashkent"]
[Date "2015.03.18"]
[Round "8"]
[White "Artemiev, Vladislav"]
[Black "Tkachiev, Vladislav"]
[Result "1/2-1/2"]
[WhiteElo "2664"]
[BlackElo "2634"]
[PlyCount "79"]
[EventDate "2015.03.11"]
[EventType "swiss"]
[EventRounds "9"]
[EventCountry "UZB"]
[SourceTitle "CBM 165 Extra"]
[Source "ChessBase"]
[SourceDate "2015.04.21"]
[SourceVersion "1"]
[SourceVersionDate "2015.04.21"]
[SourceQuality "1"]

1. e4 e5 2. Nf3 Nc6 3. Bc4 Bc5 4. c3 Nf6 5. d4 exd4 6. cxd4 Bb4+ 7. Bd2 Bxd2+ 8. Nbxd2 d5 9. exd5 Nxd5 10. 0-0 0-0 11. Rc1 Rb8 12. Re1 Bg4 13. h3 Bh5 14. Bxd5 Qxd5 15. Qa4 Bxf3 16. Nxf3 a6 17. Rc5 Qd6 18. Qc4 Rfe8 19. Rc1 h6 20. Qb3 Nxd4 21. Nxd4 Qxd4 22. Rxc7 Qf4 23. R7c4 Qd2 24. R4c2 Re1+ 25. Rxe1 Qxe1+ 26. Kh2 Qe5+ 27. Qg3 Re8 28. b3 Qe6 29. a4 Rd8 30. Rc4 Rc8 31. Rd4 Qe7 32. Qf4 Rd8 33. Rc4 Qd6 34. Qxd6 Rxd6 35. b4 b6 36. Rc8+ Kh7 37. Rb8 g5 38. Rb7 Kg7 39. Kg3 Rd3+ 40. f3 1/2-1/2

[Event "Agzamov Memorial 09th"]
[Site "Tashkent"]
[Date "2015.03.17"]
[Round "7"]
[White "Papin, Vasily"]
[Black "Tkachiev, Vladislav"]
[Result "0-1"]
[WhiteElo "2501"]
[BlackElo "2634"]
[PlyCount "98"]
[EventDate "2015.03.11"]
[EventType "swiss"]
[EventRounds "9"]
[EventCountry "UZB"]
[SourceTitle "CBM 165 Extra"]
[Source "ChessBase"]
[SourceDate "2015.04.21"]
[SourceVersion "1"]
[SourceVersionDate "2015.04.21"]
[SourceQuality "1"]

1. Nf3 d6 2. d4 g6 3. c4 Bg7 4. Nc3 Nf6 5. g3 0-0 6. Bg2 Nc6 7. 0-0 Bf5 8. b3 e5 9. d5 Ne7 10. Ne1 Bd7 11. e4 Ne8 12. Bb2 f5 13. exf5 gxf5 14. f4 exf4 15. gxf4 Ng6 16. Qd2 Qh4 17. Nd3 Nf6 18. Qf2 Qh6 19. Qg3 Rae8 20. Qg5 Qxg5 21. fxg5 Ng4 22. Nd1 f4 23. Bxg7 Kxg7 24. Bh3 Rf5 25. Bxg4 Rxg5 26. h3 h5 27. N1f2 hxg4 28. Nxg4 Re2 29. Ndf2 Ne5 30. Kh1 Bxg4 31. Nxg4 Nxg4 32. hxg4 Rxg4 33. Rae1 f3 34. Rxe2 fxe2 35. Re1 Re4 36. Kg2 Kf6 37. Kf3 Ke5 38. Rxe2 Rxe2 39. Kxe2 Kd4 40. Kd2 a6 41. a4 b5 42. cxb5 axb5 43. a5 Kxd5 44. Kc3 c5 45. b4 Kc6 46. Kb3 Kb7 47. Kc3 Ka6 48. Kb3 cxb4 49. Kxb4 d5 0-1

[Event "Agzamov Memorial 09th"]
[Site "Tashkent"]
[Date "2015.03.16"]
[Round "6"]
[White "Tkachiev, Vladislav"]
[Black "Barsov, Alexei"]
[Result "1-0"]
[WhiteElo "2634"]
[BlackElo "2433"]
[PlyCount "79"]
[EventDate "2015.03.11"]
[EventType "swiss"]
[EventRounds "9"]
[EventCountry "UZB"]
[SourceTitle "CBM 165 Extra"]
[Source "ChessBase"]
[SourceDate "2015.04.21"]
[SourceVersion "1"]
[SourceVersionDate "2015.04.21"]
[SourceQuality "1"]

1. Nf3 d5 2. d4 Nf6 3. g3 Bf5 4. c4 e6 5. Nc3 Be7 6. Bg2 c6 7. Nh4 Bg4 8. h3 Bh5 9. Qb3 Na6 10. g4 Bg6 11. Nxg6 hxg6 12. Bf4 Qb6 13. 0-0 dxc4 14. Qxc4 Nd5 15. Be5 Bf6 16. Na4 Qa5 17. Bg3 Rd8 18. e3 Bh4 19. Bh2 Be7 20. e4 Nb6 21. Nxb6 Qxb6 22. Rfd1 Bf6 23. d5 cxd5 24. exd5 exd5 25. Qe2+ Qe6 26. Qb5+ Qc6 27. Re1+ Kf8 28. Qa5 Qb6 29. Qxb6 axb6 30. Rad1 Nb4 31. Bc7 Rd7 32. Bxb6 Kg8 33. a3 Nc6 34. Rxd5 Rxd5 35. Bxd5 Rxh3 36. Kg2 Rd3 37. Re8+ Kh7 38. Bxf7 Ne5 39. Bg8+ Kh6 40. Be6 1-0

[Event "FRA-ch blitz 13th"]
[Site "Nancy"]
[Date "2015.02.21"]
[Round "7"]
[White "Karagyozian, Edgar"]
[Black "Tkachiev, Vladislav"]
[Result "0-1"]
[WhiteElo "2137"]
[BlackElo "2634"]
[PlyCount "160"]
[EventDate "2015.02.21"]
[EventType "swiss (blitz)"]
[EventRounds "11"]
[EventCountry "FRA"]
[SourceTitle "CBM 164 Extra"]
[Source "ChessBase"]
[SourceDate "2015.03.02"]
[SourceVersion "1"]
[SourceVersionDate "2015.03.02"]
[SourceQuality "1"]

1. d4 Nf6 2. Nf3 g6 3. Nbd2 Bg7 4. e4 d6 5. Bd3 0-0 6. 0-0 Nc6 7. d5 Nb4 8. Bc4 c6 9. dxc6 Nxc6 10. c3 a6 11. Re1 b5 12. Bb3 Bb7 13. Qe2 Qc7 14. Nf1 Rfc8 15. Ng3 Na5 16. Bg5 Nxb3 17. axb3 h6 18. Bxf6 Bxf6 19. b4 Bc6 20. Qe3 Bg7 21. e5 dxe5 22. Nxe5 Bd5 23. Nd3 e6 24. Ne4 a5 25. bxa5 Rxa5 26. Nb4 Rxa1 27. Rxa1 Ra8 28. Rxa8+ Bxa8 29. h3 Qd7 30. Qe2 Qb7 31. f3 Qa7+ 32. Qf2 Qa1+ 33. Kh2 Bxe4 34. fxe4 Be5+ 35. g3 Qb1 36. Qe2 Bc7 37. Qg2 h5 38. h4 g5 39. hxg5 h4 40. Kh3 hxg3 41. Nc6 Qd1 42. Kh4 Bf4 43. Nd4 Be5 44. Nf3 Bf4 45. Nd4 Bd6 46. Qf3 Qd2 47. Ne2 Qe1 48. Nxg3 Qg1 49. Kh3 Bxg3 50. Qxg3 Qh1+ 51. Kg4 Qxe4+ 52. Kh3 Qf5+ 53. Kh2 Qc2+ 54. Qg2 Qd3 55. Qg3 Qd2+ 56. Qg2 Qe3 57. Qg3 Qe4 58. Qg2 Qh4+ 59. Kg1 Kg7 60. b4 Qe1+ 61. Qf1 Qxc3 62. Qxb5 e5 63. Qd5 Qg3+ 64. Kf1 Qf4+ 65. Kg1 e4 66. Qd4+ Kg6 67. b5 Qg3+ 68. Kh1 Qh3+ 69. Kg1 Qg3+ 70. Kh1 Qe1+ 71. Kg2 Qe2+ 72. Qf2 Qg4+ 73. Kh1 Qh5+ 74. Qh2 Qd1+ 75. Qg1 Qh5+ 76. Qh2 Qf3+ 77. Qg2 Qd1+ 78. Kh2 Qd6+ 79. Qg3 Qd2+ 80. Qg2 e3 0-1

[Event "FRA-ch blitz 13th"]
[Site "Nancy"]
[Date "2015.02.21"]
[Round "5"]
[White "Pourquet, Matthieu"]
[Black "Tkachiev, Vladislav"]
[Result "0-1"]
[WhiteElo "2144"]
[BlackElo "2634"]
[PlyCount "42"]
[EventDate "2015.02.21"]
[EventType "swiss (blitz)"]
[EventRounds "11"]
[EventCountry "FRA"]
[SourceTitle "CBM 164 Extra"]
[Source "ChessBase"]
[SourceDate "2015.03.02"]
[SourceVersion "1"]
[SourceVersionDate "2015.03.02"]
[SourceQuality "1"]

1. Nf3 d6 2. d4 g6 3. g3 Bg7 4. Bg2 Nf6 5. 0-0 0-0 6. c4 c6 7. Nc3 Qa5 8. h3 e5 9. e4 Nbd7 10. Be3 Nb6 11. c5 exd4 12. Nxd4 Nc4 13. Nb3 Qd8 14. cxd6 Nxe3 15. fxe3 Ne8 16. Qc2 Qxd6 17. Ne2 Qe5 18. Nbd4 Nd6 19. Nf4 Re8 20. Nd3 Qxg3 21. Qb3 Qxe3+ 0-1

[Event "London Acton sim"]
[Site "London"]
[Date "2014.12.15"]
[Round "1"]
[White "Tkachiev, Vladislav"]
[Black "Healey, Michael W"]
[Result "0-1"]
[WhiteElo "2629"]
[BlackElo "2111"]
[PlyCount "66"]
[EventDate "2014.12.15"]
[EventType "simul"]
[EventRounds "1"]
[EventCountry "ENG"]
[SourceTitle "EXT 2016"]
[Source "ChessBase"]
[SourceDate "2015.10.08"]
[SourceVersion "1"]
[SourceVersionDate "2015.10.08"]
[SourceQuality "1"]

1. c4 e5 2. Nc3 Nf6 3. Nf3 Nc6 4. e3 Be7 5. d4 exd4 6. exd4 d5 7. cxd5 Nxd5 8. Bb5 Nxc3 9. bxc3 Qd5 10. Ba4 Bg4 11. h3 Bxf3 12. Qxf3 Qxf3 13. gxf3 0-0 14. Be3 Na5 15. Rb1 b6 16. Bb5 Rfd8 17. Ke2 a6 18. Bd3 b5 19. Rhg1 Rac8 20. a4 bxa4 21. Bxa6 Ra8 22. Bd3 Rdb8 23. Be4 c6 24. d5 a3 25. Rxb8+ Rxb8 26. dxc6 Rc8 27. Rb1 Nb3 28. Bf4 a2 29. Rd1 Ba3 30. c4 Nc1+ 31. Rxc1 Bxc1 32. Be5 Bf4 33. Ba1 Rb8 0-1

[Event "London Classic op 6th"]
[Site "London"]
[Date "2014.12.14"]
[Round "8"]
[White "Tkachiev, Vladislav"]
[Black "Dragun, Kamil"]
[Result "1/2-1/2"]
[WhiteElo "2629"]
[BlackElo "2547"]
[PlyCount "39"]
[EventDate "2014.12.08"]
[EventType "swiss"]
[EventRounds "9"]
[EventCountry "ENG"]
[SourceTitle "CBM 163 Extra"]
[Source "ChessBase"]
[SourceDate "2014.12.23"]
[SourceVersion "1"]
[SourceVersionDate "2014.12.23"]
[SourceQuality "1"]

1. Nf3 Nf6 2. c4 g6 3. Nc3 Bg7 4. d4 0-0 5. g3 d6 6. Bg2 Nc6 7. 0-0 Bg4 8. h3 Bxf3 9. Bxf3 Nd7 10. e3 e5 11. d5 Ne7 12. e4 f5 13. Bg2 a5 14. Rb1 Nc5 15. b3 fxe4 16. Bg5 Bf6 17. Bh6 Bg7 18. Bg5 Bf6 19. Bh6 Bg7 20. Bg5 1/2-1/2

[Event "London Classic op 6th"]
[Site "London"]
[Date "2014.12.08"]
[Round "1"]
[White "Tkachiev, Vladislav"]
[Black "Cumming, Rhys"]
[Result "1-0"]
[WhiteElo "2629"]
[BlackElo "2057"]
[PlyCount "65"]
[EventDate "2014.12.08"]
[EventType "swiss"]
[EventRounds "9"]
[EventCountry "ENG"]
[SourceTitle "CBM 163 Extra"]
[Source "ChessBase"]
[SourceDate "2014.12.23"]
[SourceVersion "1"]
[SourceVersionDate "2014.12.23"]
[SourceQuality "1"]

1. c4 Nf6 2. g3 c6 3. Nf3 g6 4. b3 Bg7 5. Bb2 d5 6. Bg2 0-0 7. 0-0 a5 8. Nc3 Nbd7 9. d4 dxc4 10. bxc4 Nb6 11. Qd3 Be6 12. Nd2 Qd7 13. c5 Nbd5 14. Na4 Bh3 15. e4 Nb4 16. Qe2 Bxg2 17. Kxg2 Qe6 18. a3 Na6 19. Rfe1 Nd7 20. Qf3 Qf6 21. Qxf6 Bxf6 22. f4 Rfd8 23. Red1 e6 24. Nc4 Be7 25. Bc3 Nc7 26. Bxa5 Rxa5 27. Nxa5 Ra8 28. Nb6 Nxb6 29. cxb6 Nb5 30. Nxb7 Rb8 31. Na5 Rxb6 32. Rdb1 Ra6 33. Nxc6 1-0

[Event "Olympiad-41"]
[Site "Tromsoe"]
[Date "2014.08.06"]
[Round "5.4"]
[White "Perez Ponsa, Federico"]
[Black "Tkachiev, Vladislav"]
[Result "0-1"]
[WhiteElo "2541"]
[BlackElo "2624"]
[PlyCount "62"]
[EventDate "2014.08.02"]
[EventType "team-swiss"]
[EventRounds "11"]
[EventCountry "NOR"]
[SourceTitle "CBM 162"]
[Source "ChessBase"]
[SourceDate "2014.09.17"]
[SourceVersion "1"]
[SourceVersionDate "2014.09.17"]
[SourceQuality "1"]
[WhiteTeam "Argentina"]
[BlackTeam "France"]
[WhiteTeamCountry "ARG"]
[BlackTeamCountry "FRA"]

1. e4 e5 2. Nf3 Nc6 3. Bb5 a6 4. Ba4 Nf6 5. 0-0 Be7 6. Re1 b5 7. Bb3 d6 8. c3 0-0 9. d4 Bg4 10. Be3 Bh5 11. h3 exd4 12. cxd4 Na5 13. Bc2 Nc4 14. Qe2 Nd7 15. Bc1 c5 16. b3 Ncb6 17. Bb2 Re8 18. Nbd2 Bf6 19. Nf1 cxd4 20. g4 Bg6 21. Bxd4 Bxd4 22. Nxd4 d5 23. Ng3 dxe4 24. Rad1 Nd5 25. Nc6 Qc7 26. Rxd5 Qxc6 27. Red1 Nc5 28. Nf5 Bxf5 29. Rxf5 g6 30. Rf4 Ne6 31. Rf6 Qc3 0-1

[Event "Andorra op 32nd"]
[Site "La Massana"]
[Date "2014.07.26"]
[Round "8"]
[White "Rios Gomez, Cristhian Camilo"]
[Black "Tkachiev, Vladislav"]
[Result "0-1"]
[WhiteElo "2421"]
[BlackElo "2625"]
[PlyCount "66"]
[EventDate "2014.07.19"]
[EventType "swiss"]
[EventRounds "9"]
[EventCountry "AND"]
[SourceTitle "CBM 161 Extra"]
[Source "ChessBase"]
[SourceDate "2014.08.29"]
[SourceVersion "1"]
[SourceVersionDate "2014.08.29"]
[SourceQuality "1"]

1. d4 d6 2. c4 f5 3. Nc3 Nf6 4. g3 g6 5. Bg2 Bg7 6. Nf3 0-0 7. 0-0 c6 8. b3 Na6 9. Bb2 Qc7 10. Rc1 Rd8 11. d5 e5 12. dxe6 Bxe6 13. Qd2 Kh8 14. Rfd1 Bg8 15. Qf4 Nc5 16. b4 Ne6 17. Qh4 Ng4 18. a3 h6 19. h3 Ne5 20. Nxe5 dxe5 21. e4 g5 22. Qh5 Bf7 23. Qe2 Nd4 24. Qe1 f4 25. Ne2 Ne6 26. Bf3 a5 27. c5 axb4 28. axb4 Ra2 29. Rxd8+ Qxd8 30. Rd1 Qf6 31. Rd2 fxg3 32. Bxe5 Qxf3 33. Bxg7+ Nxg7 0-1

[Event "Andorra op 32nd"]
[Site "La Massana"]
[Date "2014.07.24"]
[Round "6"]
[White "Tkachiev, Vladislav"]
[Black "Midoux, Sebastien"]
[Result "1-0"]
[WhiteElo "2625"]
[BlackElo "2374"]
[PlyCount "81"]
[EventDate "2014.07.19"]
[EventType "swiss"]
[EventRounds "9"]
[EventCountry "AND"]
[SourceTitle "CBM 161 Extra"]
[Source "ChessBase"]
[SourceDate "2014.08.29"]
[SourceVersion "1"]
[SourceVersionDate "2014.08.29"]
[SourceQuality "1"]

1. d4 Nf6 2. c4 g6 3. Nc3 d5 4. cxd5 Nxd5 5. Bd2 Nb6 6. Bg5 Bg7 7. e3 0-0 8. Nf3 h6 9. Bh4 c6 10. Be2 Be6 11. 0-0 f5 12. Qc2 N8d7 13. Rfd1 Kh8 14. Bg3 Bg8 15. Ne1 Qe8 16. Nd3 g5 17. Bf3 Rc8 18. a4 Na8 19. a5 Nc7 20. Bxc7 Rxc7 21. a6 Qb8 22. Rdc1 bxa6 23. Rxa6 Bb3 24. Qd2 Rfc8 25. Na4 e5 26. dxe5 Nxe5 27. Nxe5 Bxe5 28. Nc5 Bg8 29. b4 g4 30. Be2 Bxh2+ 31. Kh1 Rg7 32. g3 Bxg3 33. fxg3 Qxg3 34. Bf1 Re8 35. Rxc6 Kh7 36. e4 Qh4+ 37. Qh2 Qg5 38. Rd1 fxe4 39. Rdd6 h5 40. Nd7 Rge7 41. Nf6+ 1-0

[Event "Andorra op 32nd"]
[Site "La Massana"]
[Date "2014.07.22"]
[Round "4"]
[White "Tkachiev, Vladislav"]
[Black "Sjodahl, Pontus"]
[Result "1-0"]
[WhiteElo "2625"]
[BlackElo "2423"]
[PlyCount "123"]
[EventDate "2014.07.19"]
[EventType "swiss"]
[EventRounds "9"]
[EventCountry "AND"]
[SourceTitle "CBM 161 Extra"]
[Source "ChessBase"]
[SourceDate "2014.08.29"]
[SourceVersion "1"]
[SourceVersionDate "2014.08.29"]
[SourceQuality "1"]

1. Nf3 Nf6 2. g3 d5 3. Bg2 c6 4. c4 g6 5. b3 Bg7 6. Bb2 0-0 7. d3 Nbd7 8. 0-0 Re8 9. d4 Ne4 10. Nbd2 Ndf6 11. Ne5 Qa5 12. Ndf3 Be6 13. c5 Nd7 14. Nxd7 Bxd7 15. a3 Qc7 16. b4 Qc8 17. Qb3 Bh3 18. Rfc1 Bxg2 19. Kxg2 Qf5 20. Qd3 g5 21. Rf1 Qe6 22. Ne1 f5 23. f3 Nf6 24. Qd2 h6 25. Nd3 Nd7 26. Bc3 Qg6 27. Qb2 a6 28. a4 b6 29. Rab1 Rab8 30. Qd2 Rb7 31. Rb2 Reb8 32. Rfb1 Kh7 33. Qc2 Rc7 34. Rb3 Rcc8 35. Qc1 Rc7 36. Qe3 Bf6 37. Kh1 Rbc8 38. Qd2 Re8 39. Kg2 Rec8 40. Qd1 Ra7 41. Qc2 Rb7 42. b5 axb5 43. axb5 cxb5 44. Rxb5 Rbc7 45. Rxb6 Nxb6 46. Rxb6 f4 47. Qa2 fxg3 48. hxg3 Qg8 49. Ne5 e6 50. Qb1+ Kh8 51. Ng4 Bd8 52. Nxh6 Qh7 53. Qxh7+ Kxh7 54. Rxe6 Rc6 55. Rxc6 Rxc6 56. Nf5 Re6 57. Kf2 Bc7 58. Bd2 g4 59. fxg4 Re4 60. Kf3 Kg6 61. Bf4 Bd8 62. c6 1-0

[Event "Wch Blitz 8th"]
[Site "Dubai"]
[Date "2014.06.20"]
[Round "12"]
[White "Anton Guijarro, David"]
[Black "Tkachiev, Vladislav"]
[Result "1-0"]
[WhiteElo "2631"]
[BlackElo "2625"]
[PlyCount "59"]
[EventDate "2014.06.19"]
[EventType "swiss (blitz)"]
[EventRounds "21"]
[EventCountry "UAE"]
[SourceTitle "CBM 160 Extra"]
[Source "ChessBase"]
[SourceDate "2014.07.01"]
[SourceVersion "1"]
[SourceVersionDate "2014.07.01"]
[SourceQuality "1"]

1. Nf3 Nf6 2. d4 g6 3. Bg5 Bg7 4. Nbd2 h6 5. Bh4 0-0 6. c3 d6 7. e4 c5 8. dxc5 dxc5 9. Bc4 Nc6 10. Qe2 Na5 11. Bd3 Nh5 12. Bg3 Qb6 13. Nc4 Nxc4 14. Bxc4 Bg4 15. 0-0 Rad8 16. Rab1 Rd7 17. Bb5 Nxg3 18. hxg3 Rd6 19. Rfd1 Rfd8 20. Rxd6 Rxd6 21. Bc4 e6 22. Qe3 Bxf3 23. gxf3 Qd8 24. Qxc5 Rc6 25. Qb4 Qd2 26. Bb3 Rb6 27. Qa4 Qe2 28. Qe8+ Bf8 29. Rd1 Qxf3 30. Rd8 1-0